01017nam a22002537a 4500999001700000003000900017008004100026040007100067082001700138100002300155245002900178260003700207300002800244440005900272505013800331650003400469650001900503650001800522700004300540700004600583942001600629945002100645952009700666 c18119d18119AR-CdUCM190511b ||||| |||| 00| 0 spa d aMUNICIPALIDAD PROVINCIAL DEL CUSCOcBIBLIOTECA MUNICIPAL DEL CUSCO a345.7 /bG66 aGoldschmidt, James aDerecho procesal civil / aBarcelona :bEdit. Labor,c1936. a916 páginas ;c24 cm. aEnciclopedia de ciencias jurídicas y sociales938520 aContenido: Nociones fundamentales -- Bases del proceso de derecho justiciario material -- Bases del derecho político del proceso... aDerecho procesal civil927080 aAlemania91327 aEspaña9176 aPrieto, Leonardo (traducción)938521 aAlcalá Zamora y Castillo, Niceto938522 2ddccLIBROS adavvd2019-05-11 002ddc4070aSHbSHcCARTd2019-05-11g50.00o345.7 / G66pSH0000013122r2019-05-11yLIBROS